| 000 | 00482nam a22001457a 4500 | ||
|---|---|---|---|
| 999 |
_c4450 _d4450 |
||
| 008 | 200804b ||||| |||| 00| 0 eng d | ||
| 082 | 0 | 0 |
_a341.7566 _bI325 |
| 110 |
_9806 _aIMCO |
||
| 245 | 1 | 0 |
_aInternational Conference on Safety of Life at Sea, 1974, with amendments approve in 1978,1981,1983,1988, text and comments / _cby IMCO |
| 250 | _a1st ed. | ||
| 260 |
_aBombay: _bBhandarkar, _c1990. |
||
| 300 | _axv, 383 p. | ||
| 650 | 0 | _aShips--Safety regulations,Conference | |
| 942 | _cBK | ||